Evaluación inicial de riesgo por puestos de trabajo en la empresa Equipos y Accesorios S.A.
Propone plan de acción que permita controlar los factores de riesgos a los factores de riesgos a los que están expuestos los trabajadores en la empresa, aplicando las leyes y normativas vigentes en materia de higiene y seguridad del trabajo.
| Main Authors: | , , |
|---|---|
| Other Authors: | |
| Format: | Tesis Section = Libro |
| Language: | Undetermined Spanish |
| Published: |
Managua
UNI
2021
|
| Subjects: |
| LEADER | 01225nam a2200301Ia 4500 | ||
|---|---|---|---|
| 008 | 240830s9999 xx 000 0 und d | ||
| 040 | |a BIBLIOTECA-RUPAP/ Mon 363.11 M741 | ||
| 041 | |a spa | ||
| 082 | |a Mon 363.11 M741 | ||
| 100 | 1 | |a Mondragón Moraga, Alexander José | |
| 100 | 1 | |b González Castillo, David Alexander | |
| 100 | 1 | |c Zelaya Flores, Janiel Andrés | |
| 245 | 1 | 0 | |a Evaluación inicial de riesgo por puestos de trabajo en la empresa Equipos y Accesorios S.A. |
| 260 | |a Managua |b UNI |c 2021 | ||
| 300 | |a 546 p. :il. | ||
| 500 | |a Contiene: anexos y CD. | ||
| 502 | |a Tesis (Ingeniero Industrial) - UNI, 2021. | ||
| 520 | 3 | |a Propone plan de acción que permita controlar los factores de riesgos a los factores de riesgos a los que están expuestos los trabajadores en la empresa, aplicando las leyes y normativas vigentes en materia de higiene y seguridad del trabajo. | |
| 650 | 7 | |a EVALUACION DE RIESGOS-NICARAGUA | |
| 650 | 7 | |b ACCIDENTES DE TRABAJO | |
| 650 | 7 | |c SEGURIDAD INDUSTRIAL | |
| 650 | 7 | |d RIESGOS LABORALES | |
| 650 | 7 | |e SALUD OCUPACIONAL | |
| 650 | 7 | |f AMBIENTE DE TRABAJO | |
| 700 | 1 | |a Tutor: |b Silvestri Jirón, Pietro Marcelo | |
| 942 | |c BK |2 ddc | ||
| 991 | |a TESIS | ||
| 999 | |c 19004 | ||